40 vragen over van alles en nog wat - Quiz 15 - Statistieken

Algemene statistieken
  • Deze quiz is 4 keer genomen
  • De gemiddelde score is 9 van 40
Antwoordstatistieken
Hint Antwoord % Correct
Hoe lang leven deze vlinders . weken 6
75%
Hoe heet het aftappen van moedermelk Kolven
75%
Welk dier is de dagpauwoog Vlinder
75%
Vul de tekst aan "Geef mij maar Amsterdam" Dat is mooier dan Parijs
50%
Op welk dier zit Sancho Panza Ezel
50%
Van welk eiland id Nuuk de hoofdstad Groenland
50%
Waar vinden we de Slufter, de Slufter vinden we bij Texel
50%
Wie is de vader van de microbiologie Antoni van Leeuwenhoek
25%
Welke 3 dingen ontdekte hij Bacteriën
25%
Tussen welke dorpen ligt de Slufter Cocksdorp
25%
In Frankrijk heet het creme brulee, en in Spanje Crema Catalana
25%
Top 4 Tennissers 2025 - ATP ranking 2025 (achternaam) Djokovic
25%
Uit welk land komen de sprookjes Duitsland
25%
Hoe heten de nieuwe straaljagers van de luchtmacht F 35
25%
Hoe heet deze stad in het Deens Godthåb
25%
En wat is de betekenis van die Deense naam Goede hoop
25%
En door wie werden ze gebruikt in Colorado Goudzoekers
25%
Wie schreef de wolf en de zeven geitjes verhaal? Grimm
25%
Noem de afkorting van dit vliegveld JFK
25%
Hoe werden ze in Colorado gebruikt, ze werden gebruikt als Lastdier
25%
Waar komt deze veel voor Mexico
25%
Wat doet de wolf met de eerste 6 geitjes Opeten
25%
Noem de kleinste vlinder ter wereld Stigmella maya
25%
Welke 3 dingen ontdekte hij Zaadcellen
25%
Top 4 Tennissers 2025 - ATP ranking 2025 (achternaam) Alcaraz
0%
Welke 3 dingen ontdekte hij Bloedcellen
0%
Spaanse naam voor de ezel Burro
0%
Tussen welke dorpen ligt de Slufter De Koog
0%
Noem de afkorting van dit vliegveld EWR
0%
Hoe heten de oude straaljagers van de luchtmacht F 16
0%
Noem de drie vliegvelden van New York John F. Kennedy International Airport
0%
Van wie is dit lied Johnny Jordaan
0%
Waar was het 7e geitje in verstopt, in de Klok
0%
Noem de drie vliegvelden van New York LaGuardia Airport
0%
Hoe heet het apparaat bij lawine alarm Lawinepieper
0%
Noem de afkorting van dit vliegveld LGA
0%
Wat is de fabrikant van de nieuwste straaljager Lockheed Martin
0%
Noem de drie vliegvelden van New York Newark Liberty International Airport
0%
Top 4 Tennissers 2025 - ATP ranking 2025 (achternaam) Sinner
0%
Top 4 Tennissers 2025 - ATP ranking 2025 (achternaam) Zverev
0%
Geen overeenkomende quizzen gevonden
Scoreverdeling
Procent van Mensen met Elke Score
Percentiel versus Aantal Correcte Antwoorden
Uw Scoregeschiedenis
U heeft deze quiz nog niet genomen